Chemical vapor deposition ; [papers] /

Bibliographic Details
Corporate Author: International Conference on Chemical Vapor Deposition Boston
Other Authors: Wakefield, Gene F., Blocher, John Milton, 1891-
Format: Conference Proceeding Book
Language:English
Published: Princeton, N.J. : Electrothermics and Metallurgy Division, Electrochemical Society, [1973]
Subjects:

MARC

Tag First Indicator Second Indicator Subfields
LEADER 00000cam a2200000 4500
001 in00000094115
005 20150927070249.0
008 740206s1973 njua b 10100 eng
010 |a  73086873  
035 |a (OCoLC)00814698 
035 |9 AAL5970AM 
040 |a DLC  |c DLC  |d TXA  |d UtOrBLW 
049 |a TXAM  |c [924835] 
050 0 0 |a TS695  |b .I57 1973 
082 0 |a 671.7/35 
111 2 |a International Conference on Chemical Vapor Deposition  |n (4th :  |d 1973 :  |c Boston) 
245 1 0 |a Chemical vapor deposition ;  |b [papers] /  |c Edited by Gene F. Wakefield [and] John M. Blocher, Jr. 
264 1 |a Princeton, N.J. :  |b Electrothermics and Metallurgy Division, Electrochemical Society,  |c [1973] 
300 |a xi, 595 pages :  |b illustrations ;  |c 23 cm. 
336 |a text  |b txt  |2 rdacontent 
337 |a unmediated  |b n  |2 rdamedia 
338 |a volume  |b nc  |2 rdacarrier 
504 |a Includes bibliographical references. 
650 0 |a Vapor-plating  |v Congresses. 
700 1 |a Wakefield, Gene F. 
700 1 |a Blocher, John Milton,  |d 1891- 
999 |a MARS 
999 f f |s 2a40dd96-0c34-36f0-9889-5bdd73f6cec1  |i 69c565db-af44-3d0d-b573-50c27c71e851  |t 0 
952 f f |p ric  |a Texas A&M University  |b Rellis Campus  |c Joint Library Facility  |d Remote Storage  |t 0  |e TS695 .I57 1973  |h Library of Congress classification  |i unmediated -- volume  |m A14805648622 
998 f f |a TS695 .I57 1973  |t 0  |l Remote Storage